|
|
|
|
| LEADER |
00000nab a2200000 a 4500 |
| 001 |
vtls000248753 |
| 003 |
SK-MaSNL |
| 005 |
20260304064917.0 |
| 008 |
250422c1986 xo 0 slo |
| 015 |
|
|
|a SNBRB19rr/mm-uuuuu
|
| 035 |
|
|
|a CL0258867
|
| 035 |
|
|
|a urn:nbn:sk:snk-ab6hx
|
| 035 |
|
|
|a (urnnbn)urn:nbn:sk:snk:ar-a035yf
|
| 035 |
|
|
|a (uuid)1da48573-457c-47be-8ec0-8b14a4a47309
|
| 040 |
|
|
|a SNKBUCL
|b slo
|c SNKBUCL
|e AACR2
|
| 041 |
0 |
|
|a slo
|
| 044 |
|
|
|a xo
|c SK
|
| 080 |
|
|
|a 39(437.6)(091)
|2 1981
|
| 100 |
1 |
|
|a Urbanová, Viera
|4 aut
|9 892261
|
| 245 |
1 |
0 |
|a Funkcie tradície v dejinách etnografie
|c Viera Urbanová
|
| 300 |
|
|
|b Res. rus., nem., lit. 19 zázn. v slov.
|
| 650 |
0 |
7 |
|a etnografia slovenská
|2 snkbucl
|9 950104
|
| 650 |
0 |
7 |
|a tradície
|2 snkbucl
|9 15975
|
| 655 |
|
7 |
|a články z novín a časopisov
|2 snkbucl
|9 267496
|
| 773 |
0 |
|
|t Slovenský národopis
|g Roč. 34, č. 1-2 (1986), s. 227-232
|
| 850 |
|
|
|a Slovenská národná knižnica
|
| 852 |
|
|
|a Slovenská národná knižnica
|
| 954 |
|
|
|a odborná, vedecká literatúra pôvodná (slovenská)
|2 lita
|
| 958 |
|
|
|a article27
|
| 958 |
|
|
|a NB
|
| 958 |
|
|
|a RK
|
| 958 |
|
|
|a OND
|
| 958 |
|
|
|a EUIPO
|
| 992 |
|
|
|a RBX
|
| 999 |
|
|
|c 2748513
|d 2750443
|